Robinson Crusoe / (Record no. 6798)
[ view plain ]
| 000 -LEADER | |
|---|---|
| fixed length control field | 01253nam a2200349 a 4500 |
| 001 - CONTROL NUMBER | |
| JCCL Control Number | 6798 |
| 003 - CONTROL NUMBER IDENTIFIER | |
| JCCL marc code | BD-JhCC |
| 005 - DATE AND TIME OF LATEST TRANSACTION | |
| control field | 20180130161745.0 |
| 008 - FIXED-LENGTH DATA ELEMENTS--GENERAL INFORMATION | |
| fixed length control field | 180130s1993 xnaa||||||| ||||0|||eng d |
| 020 ## - INTERNATIONAL STANDARD BOOK NUMBER | |
| International Standard Book Number | 1864100001 |
| 035 ## - SYSTEM CONTROL NUMBER | |
| system control number | (BD-JhCC)6798 |
| 035 ## - SYSTEM CONTROL NUMBER | |
| system control number | 86232 |
| 040 ## - CATALOGING SOURCE | |
| Original cataloging agency | BD-JhCC |
| Transcribing agency | NSL:R |
| Modifying agency | BD-JhCC |
| 041 ## - LANGUAGE CODE | |
| Language code of Book | eng |
| 082 04 - DEWEY DECIMAL CLASSIFICATION NUMBER | |
| Classification number | 823.5 |
| DDC Edition number | 20 |
| Author mark and Year | DEF 1957 |
| 100 1# - MAIN ENTRY--PERSONAL NAME | |
| Personal name | Defoe, Daniel |
| Dates associated with a name | 1661?-1731. |
| 240 10 - UNIFORM TITLE | |
| Uniform title | Robinson Crusoe |
| 245 10 - TITLE STATEMENT | |
| Title | Robinson Crusoe / |
| Statement of responsibility, etc | Daniel Defoe. |
| 260 ## - PUBLICATION, DISTRIBUTION, ETC. (IMPRINT) | |
| Place of publication, distribution, etc | [Ashfield, N.S.W.?] : |
| Name of publisher, distributor, etc | New Media Press, |
| Date of publication, distribution, etc | [1993?]. |
| 300 ## - PHYSICAL DESCRIPTION | |
| Pagination | 128 p. ; |
| Dimensions | 18 cm. |
| 490 1# - SERIES STATEMENT | |
| Series statement | Digital classics |
| 490 1# - SERIES STATEMENT | |
| Series statement | Heritage series |
| 500 ## - GENERAL NOTE | |
| General note | System requirements : "Minimum : a Macintosh Plus with hard drive or better. At least Hypercard 2.1 or Hypercard Player System 6.0.5 or later. 1.5Mb of free memory (RAM) available for Hypercard ; Ideal : Macintosh Powerbook or duo with 8Mb of RAM". |
| 500 ## - GENERAL NOTE | |
| General note | "Requires 2.0 meg free space on your hard drive" --Disk. |
| 500 ## - GENERAL NOTE | |
| General note | Title from container. |
| 500 ## - GENERAL NOTE | |
| General note | Disk is packaged in a Compact Disk case. |
| 650 ## - SUBJECT ADDED ENTRY--TOPICAL TERM | |
| Topical term or geographic name as entry element | Robinson Crusoe |
| 830 #0 - SERIES ADDED ENTRY--UNIFORM TITLE | |
| Uniform title | Digital classics (New Media Press) |
| 830 #0 - SERIES ADDED ENTRY--UNIFORM TITLE | |
| Uniform title | Heritage series (New Media Press) |
| 942 ## - ADDED ENTRY ELEMENTS (KOHA) | |
| Source of classification or shelving scheme | Dewey Decimal Classification |
| Koha item type | Books |
| Source of classification or shelving scheme | Damaged status | Not for loan | Home library | Current library | Shelving location | Total Checkouts | Full call number | Barcode | Date last seen | Copy number | Koha item type | Date of accession | Source of acquisition | Cost, normal purchase price | Date checked out | Method of acquisition | Currency |
|---|---|---|---|---|---|---|---|---|---|---|---|---|---|---|---|---|---|
| Dewey Decimal Classification | JCC Rouf Library | JCC Rouf Library | General Stacks | 823.5 DEF 1957 | 8818 | 01/30/2018 | C-1 | Books | |||||||||
| Dewey Decimal Classification | JCC Rouf Library | JCC Rouf Library | General Stacks | 6 | 823.5 DEF 2006 | 19694 | 11/20/2025 | C-2 | Books | With the Compliments Of Shahriar Imtiaz Rahman 27/1483/K | 591.00 | 11/13/2025 | Gift/Donation | BDT |